Представление документа в формате RUSMARC

ПолеНазваниеЗначение
  Тип записи a
  Библиографический уровень m
001 Контрольный номер RU/REG73/CBS_GRAD/215338e4af0c4451a95709214dcf5416
005 Дата корректировки 20230815114021.3
010 Индекс ISBN __
a ISBN 978-5-9533-4602
100 Данные общей обработки __
a Данные общей обработки 20230815d 0rusy0189## ca
101 Язык документа 0_
a Язык текста rus
102 Страна публикации __
a Страна публикации RU
200 Заглавие и сведения об ответственности 1_
a Заглавие 100 великих чудес природы
f Первые сведения об ответственности Бертиль Бертильевич Вагнер
210 Выходные данные 1_
a Место издания Москва
c Издательство Вече
d Дата издания 2010
215 Физическое описание __
a Объем 432 с.
225 Серия 2_
a Серия 100 великих
686 Индексы других классификаций __
a Классификационный индекс 20
700 Автор _1
a Фамилия Вагнер
g Полное личное имя Бертиль Бертильевич
801 Источник записи _0
a Страна RU
b Организация RuCBSGrad
c Дата составления 20230815
g Правила каталогизации RCR
801 Источник записи _1
a Страна RU
b Организация RuCBSGrad
c Дата составления 20230815
g Правила каталогизации RCR
852 Данные о местонахождении __
i Авторский знак В 12
901 Тип документа __
t Тип документа m